| 000 | 00874 a2200241 4500 | ||
|---|---|---|---|
| 003 | Nust | ||
| 005 | 20170207154038.0 | ||
| 010 | _a 2004351703 | ||
| 020 | _a0072226315 | ||
| 035 | _a(OCoLC)ocm51522766 | ||
| 040 | _cNust | ||
| 082 | 0 | 0 | _a005.4/32 |
| 100 | 1 | _aTurner, Michael. | |
| 245 | 1 | 0 |
_aRed hat Linux administration(E-BOOK) _ba beginner's guide / _cMichael Turner, Steve Shah. |
| 260 |
_aBerkeley, Calif. : _bMcGraw-Hill/Osborne, _c2003. |
||
| 300 |
_axxiv, 623 p. : _bill. ; _c24 cm. |
||
| 650 | 0 | _aOperating systems (Computers) | |
| 651 | _aE-BOOK | ||
| 700 | 1 | _aShah, Steve. | |
| 856 | 4 | 2 |
_3Contributor biographical information _uhttp://www.loc.gov/catdir/bios/mh051/2004351703.html |
| 856 | 4 | 2 |
_3Publisher description _uhttp://www.loc.gov/catdir/description/mh051/2004351703.html |
| 856 | 4 | 2 |
_3Table of contents _uhttp://www.loc.gov/catdir/toc/mh051/2004351703.html |
| 942 |
_2ddc _cBK |
||
| 999 |
_c192463 _d192463 |
||